1121 1645 1311 1343 1699 1125 1395 1045 1063 1111 1871 1582 1680 1421 1899 1013 1493 1017 1675 1015 1645 1441 1898 1245 1945 1870 1780 1412 1944 1548 1876 1863 1220 1173 1240 1268 1328 1926 1196 1186 1527 1956 1507 1767 1200 1293 1876 1445 1035 1991 1806 1161 1969 1360 1257 1305 1602 1091 1627 1560 1172 1904 1009 1144 1968 1321 1395 1908 1569 1527 1815 1611 1091 1526 1560 1546 1940 1781 1800 1994 1061 1540 1797 1819 1717 1191 1178 1949 1504 1989 1560 1796 1985 1449 1502 1551 1758 1019 1540 BCNSPRNW ULIB Ver.6.0+V

เปลี่ยนเป็นภาษาไทย

Change to English
 แสดงรายละเอียดบรรณานุกรม
  กลับหน้าหลัก

Brief Record : Get Marc (ISO 2709) : E-mail record : QR code < ปิดหน้าต่าง
LEADER : 00000nam 2200000uu 4500
001    13399124608
003     ULIB
008    151019s2550||||th 000 0 tha d
020    9789749702338
090    รส.^bป448ค
100 0  ปราบดา หยุ่น
245 00 ความน่าจะเป็น
945    ^p135^l0^i022046
999    ^aเกษร โพธิ์สุวรรณ
รายการนี้ยังไม่มีแท็ก
คุณยังไม่ได้ล็อกอิน คุณสามารถมีกิจกรรมร่วมกับเว็บไซต์ได้ แต่ต้องล็อกอินก่อน ::
  ล็อกอิน

รายการสื่อสารสนเทศ

ลำดับที่ ประเภท เลขเรียก/บาร์โค้ด สถานที่ สถานะ
1. นวนิยาย
นวนิยาย
รส. ป448ค ฉ.1 
  Barcode: 022046
ห้องสมุดวิทยาเขตนครสวรรค์
►นวนิยาย:l:Fiction
บนชั้น

รายการใกล้เคียง
    ชื่อเรื่อง [ความน่าจะเป็น]

BibComment


ยังไม่เคยถูกคอมเมนท์

คอมเมนท์ทรัพยากรรายการนี้
  คอมเมนท์: ความน่าจะเป็น


 Copyright 2026. Bcnsprnw @Library